Die Handelsbeziehungen der Stadt Thorn in Polen 1232-1577

Titel: Die Handelsbeziehungen der Stadt Thorn in Polen 1232-1577
Verfasser:
In: Westpreußischer Geschichtsverein: Zeitschrift des Westpreußischen Geschichtsvereins, Band 33 (1894), Seite 45-93
alle Artikel anzeigen
Veröffentlicht: 1894
Format: Aufsatz
Sprache: Deutsch
Kein Bild verfügbar
X
alg: 39278486
001A    $01999:11-11-16 
001B    $01999:28-04-17 $t15:16:47.000 
001C    $06050:19-11-16 $t08:46:34.000 
001D    $01999:11-11-16 
001U    $0utf8 
001X    $00 
002@    $0Aox 
003@    $0392784866 
007A    $0392784866 $aHEB 
007T    $0Herda23891h 
010@    $ager 
011@    $a1894 
021A    $aDie @Handelsbeziehungen der Stadt Thorn in Polen 1232-1577 
028A    $aOesterreich $dHermann 
031A    $d33 $h45-93 $j1894 
039B    $aIn $8--Abvc--Westpreußischer Geschichtsverein [Tb1]. Zeitschrift des Westpreußischen Geschichtsvereins. - Danzig : Danziger Verl.-Ges., 1880-1941 $x189400000330000955 $9047259124 
045T    $a9,10 

lok: 39278486 78

exp: 39278486 78 1 #EPN
201B/01 $030-11-17 $t23:17:34.000 
201U/01 $0utf8 
203@/01 $0788895044 
208@/01 $a11-11-16 $be 
209A/01 $a/ $f000 $x00 
244Z/01 $2Trx $#Prusy Wschodnie i Zachodnie $8--Trx--Ost- und Westpreußen $x01 $939113373X 
244Z/01 $2Trx $#Poola $#Lenkija $#Polija $#Polen Land $#Poland $#Lengyelország $#Poľsko $#Polsko $8--Trx--Polska$gkraj $x02 $9391345966 
244Z/01 $#Thorun $#Torunė $#Thorn $72024611-0 $8--Tg1--Toruń $x03 $9042779502 
244Z/01 $aGeschichte 1232-1577 $x04 
244Z/01 $2Trx $#kaubavahetus üldiselt $#prekyba bendras $#trade $#kereskedelem általános $#handel ogólnie $#obchod všeobecne $#obchod všeobecně $#Gewerbe $#remeslo, živnosť $8--Trx--Handel$gallgemein $x05 $9391373781 
244Z/01 $2Trx $8--Trx--Zeitschriftenaufsatz $x06 $9391384341 
247C/01 $82080>Marburg/Lahn, Herder-Institut, Forschungsbibliothek, Bibliographieportal $9336309341
LEADER 00000caa a22000002c 4500
001 392784866
003 DE-603
005 20170428151647.0
007 tu
008 161111s1894 xx |||| | u00||u|ger c
035 |a (DE-599)HEB392784866 
040 |a DE-603  |b ger  |c DE-603  |d DE-603 
041 |a ger 
084 |a 9,10  |2 ssgn 
100 1 |a Oesterreich, Hermann 
245 0 0 |a ˜Dieœ Handelsbeziehungen der Stadt Thorn in Polen 1232-1577 
264 0 |c 1894 
773 0 8 |i In  |a Westpreußischer Geschichtsverein  |t Zeitschrift des Westpreußischen Geschichtsvereins  |d Danzig : Danziger Verl.-Ges., 1880-1941  |g Band 33 (1894), Seite 45-93  |w (DE-603)047259124  |w (DE-600)201424-5 
924 0 |9 2080  |a (DE-603)788895044  |b DE-2080  |c HES  |d d  |g /